Kanun Prosedur Jenayah (Akta 593) : (hingga 15hb Januari 2003)

Bibliographic Details
Corporate Author: MALAYSIA
Format: Book
Published: Petaling Jaya, Selangor : International Law Book Services , 2003
Series:Undang-Undang Malaysia
Subjects:

MARC

LEADER 00000cam a2200000 7i4500
001 0000002442
005 20030623.0
020 0 0 |a 9678912929 
090 0 0 |a 345.05595   |b MAL 2003 
110 1 0 |a MALAYSIA 
245 1 0 |a Kanun Prosedur Jenayah (Akta 593) :   |b (hingga 15hb Januari 2003)   |c disusun oleh Lembaga Penyelidikan Undang-Undang 
260 0 0 |a Petaling Jaya, Selangor :   |b International Law Book Services ,   |c 2003 
300 |a 265 p. ;   |c 24 cm. 
440 0 0 |a Undang-Undang Malaysia 
650 0 0 |a Criminal law   |z Malaysia 
650 0 0 |a Criminal procedure   |z Malaysia 
998 |a JPSM 
999 |a 0000004562   |b Monograph   |c Open Shelf   |e Default branch